000 00559nam a2200193Ia 4500
005 20250508150435.0
008 008 250505s9999 xx 000 0 eng d
037 _aTextual
040 _aFEDL
_beng
_cFEDL
041 _aeng
_2eng
084 _a181.4, SAK
_qFEDL
100 _aSaksena S. K.
245 0 _aNature of consciousness in Hindu philosophy
260 _aBanaras, India
_bNand Kishore and Brothers
_c1944
300 _aii,223p.
650 _aOriental Philosophy
_9755543
942 _cTEXL
_h181.4, SAK
999 _c1323668
_d1323668